О классификации аллюзивных имен; Вестник Томского государственного педагогического университета; № 7

Manylion Llyfryddiaeth
Parent link:Вестник Томского государственного педагогического университета/ Томский государственный педагогический университет (ТГПУ).— , 1997-
№ 7.— 2010.— [С. 13-19]
Prif Awdur: Цыренова А. Б. Александра Бабасановна (Борисовна)
Crynodeb:Заглавие с экрана
В статье приводятся существующие на сегодня различные способы классификации аллюзивных имен. Автором предлагается собственная классификационная модель, основанная на особенностях актуализации дифференциальных признаков.
The article deals with the present-day existing ways of classification of allusive names. The author suggests her own classification model of allusions based on the peculiarities of actualization of differential features.
Режим доступа: по договору с организацией-держателем ресурса
Iaith:Rwseg
Cyhoeddwyd: 2010
Pynciau:
Mynediad Ar-lein:http://elibrary.ru/item.asp?id=15222233
http://vestnik.tspu.edu.ru/archive.html?year=2010&issue=7&article_id=2248
Fformat: Electronig Pennod Llyfr
KOHA link:https://koha.lib.tpu.ru/cgi-bin/koha/opac-detail.pl?biblionumber=640946

MARC

LEADER 00000naa0a2200000 4500
001 640946
005 20250312140502.0
035 |a (RuTPU)RU\TPU\network\5824 
035 |a RU\TPU\network\4400 
090 |a 640946 
100 |a 20150505d2010 k||y0rusy50 ca 
101 0 |a rus 
102 |a RU 
135 |a drnn ---uucaa 
181 0 |a i  
182 0 |a b 
200 1 |a О классификации аллюзивных имен  |d Classification of allusive names  |f А. Б. Цыренова 
203 |a Текст  |c электронный 
300 |a Заглавие с экрана 
320 |a [Библиогр.: с. 19 (13 назв.)] 
330 |a В статье приводятся существующие на сегодня различные способы классификации аллюзивных имен. Автором предлагается собственная классификационная модель, основанная на особенностях актуализации дифференциальных признаков. 
330 |a The article deals with the present-day existing ways of classification of allusive names. The author suggests her own classification model of allusions based on the peculiarities of actualization of differential features. 
333 |a Режим доступа: по договору с организацией-держателем ресурса 
461 |t Вестник Томского государственного педагогического университета  |f Томский государственный педагогический университет (ТГПУ)  |d 1997- 
463 |t № 7  |v [С. 13-19]  |d 2010 
510 1 |a Classification of allusive names  |z eng 
610 1 |a электронный ресурс 
610 1 |a труды учёных ТПУ 
610 1 |a аллюзии 
610 1 |a прецедентные тексты 
610 1 |a классификации 
610 1 |a дифференциальные признаки 
610 1 |a атрибуты 
700 1 |a Цыренова  |b А. Б.  |c лингвист  |c преподаватель Томского политехнического университета  |f 1982-  |g Александра Бабасановна (Борисовна)  |3 (RuTPU)RU\TPU\pers\29734  |9 14219 
801 2 |a RU  |b 63413507  |c 20150505  |g RCR 
856 4 0 |u http://elibrary.ru/item.asp?id=15222233 
856 4 0 |u http://vestnik.tspu.edu.ru/archive.html?year=2010&issue=7&article_id=2248 
942 |c CF